000 00468nam a22001937a 4500
003 OSt
005 20180125163610.0
008 141003b xxu||||| |||| 00| 0 eng d
020 _a84-8403-583-2
040 _cBMC
082 _a823
100 1 _aStoker, Bram
_926274
245 1 0 _aDrácula
_cBram Stoker
260 _aEspaña
_bEdimat
_c2004
300 _a444 p.
_c20 cm
490 _aClásicos Selección
_v35
650 2 4 _aNovela inglesa
_911162
942 _2ddc
_cBK
999 _c28819
_d28819